Orechy ako zdroj esenciálnych mastných kyselín bakalárska práca

Uložené v:
Podrobná bibliografia
Hlavný autor: Antálková, Angela
Médium: Kniha
Jazyk:Slovak
Vydavateľské údaje: Bratislava STU FCHPT 2016
On-line prístup:View in OPAC
Tagy: Pridať tag
Žiadne tagy, Buďte prvý, kto otaguje tento záznam!

MARC

LEADER 00000nam a2200000 a 4500
005 20260127133942.0
008 160908 2016 000 0 slo d
035 |a vtls011578502 
039 9 |y 201609081221  |z mschk03 
040 |a STUSCHK1  |b slo  |c STUSCHK1  |e AACR2 
100 1 |a Antálková, Angela 
245 1 |a Orechy ako zdroj esenciálnych mastných kyselín  |b bakalárska práca  |c Angela Antálková 
260 |a Bratislava  |b STU FCHPT  |c 2016 
300 |a 39 s.  |b il.  |c 25 cm 
500 |a Študijný program: výživa, kozmetika, ochrana zdravia 
500 |a Študijný odbor: potravinárstvo 
500 |a Školiace pracovisko: Odd. výživy a hodnotenia kvality potravín 
500 |a Evid. číslo: FCHPT-104558-63896 
910 |a SCHK95 
999 |c 771  |d 771